Un estudio preliminar acerca del movimiento de Palma Sola, como movimiento mesiánico y social campesino / /
Trata sobre la historia del movimiento de Palma Sola (República Dominicana), las características de los movimientos mesiánicos y de los movimientos sociales campesinos.
Salvato in:
| Autore principale: | |
|---|---|
| Natura: | Libro |
| Lingua: | Spanish |
| Pubblicazione: |
Santo Domingo:
Talleres Gaficos de la Universidad Autónoma de Santo Domingo,
1982.
|
| Soggetti: | |
| Tags: |
Aggiungi Tag
Nessun Tag, puoi essere il primo ad aggiungerne!!
|
MARC
| LEADER | 00000nam a22000007a 4500 | ||
|---|---|---|---|
| 008 | 150128b1980 dr ||n| |||| 00| b spa d | ||
| 090 | |a Revista Dominicana de Antropología e Historia | ||
| 100 | 1 | 3 | |a Martínez, Lusitania |
| 245 | 1 | 4 | |a Un estudio preliminar acerca del movimiento de Palma Sola, como movimiento mesiánico y social campesino / / |c Lusitania Martínez |
| 260 | |a Santo Domingo: |b Talleres Gaficos de la Universidad Autónoma de Santo Domingo, |c 1982. | ||
| 300 | |a 83-209 páginas. | ||
| 520 | |a Trata sobre la historia del movimiento de Palma Sola (República Dominicana), las características de los movimientos mesiánicos y de los movimientos sociales campesinos. | ||
| 650 | 1 | 4 | |a MOVIMIENTOS CAMPESINOS |9 29 |
| 651 | 1 | 4 | |a PALMA SOLA (REPUBLICA DOMINICANA) |
| 773 | 0 | |g Volumen 10, número 19-20 ( Enero-Diciembre 1980), páginas 83-209 |t Revista Dominicana de Antropología e Historia | |
| 942 | |2 ddc |c ARC | ||
| 999 | |c 3791 |d 3791 | ||
